03228nam a2200337 a 4500003000500000005001700005007000300022008004100025020002200066040002300088050002400111082002400135100004100159245016400200250001700364264003800381300007900419336002700498337002700525338002800552490006300580504003800643505087800681520110101559650004302660650003702703650003702740650004002777650003502817650003802852CHAP20230419133029.0ta230303s2013 mx abd|f |||| 001 0 spa d a978-958-648-789-4 amxchpuacCHAPerda10aGE320.C7b.A94 201300220a333.7bA94 20131 aAvellaneda Cusaría, José Alfonso10aGestión ambiental y planificación del desarrollo : bel sujeto ambiental y los conflictos ecológicos distributivos /cJosé Alfonso Avellaneda Cusaría a3a edición aMéxico :bECOE Ediciones,c2013 axxiv, 365 páginas :bilustraciones, mapas, gráficas, diagramas, tablas 2rdacontentatextobtxt 2rdamediaasin mediobn 2rdacarrieravolumenbnc1 aIngeniería y salud en el trabajo. Ingeniería ambiental aBibliografía: páginas 357-358 aCONTENIDO: Entropía y modernidad - El camino hacia el umbral entrópico - ¿La modernidad replegada? - Gestión ambiental y sustentabilidad - La gestión ambiental y la planificación del desarrollo - Problemas ambientales de los ecosistemas colombianos - El medio ambiente y el sector productivo - Manejo integral de residuos sólidos industriales - Salud, industria y medio ambiente - Agricultura orgánica: una alternativa de desarrollo conservando el medio ambiente - Diplomacia y negocios ambientales internacionales - El sujeto ambiental y los conflictos ecológicos distributivos - El sujeto ambiental - La construcción de vías en el bosque húmedo tropical del pacífico colombiano: crisis de gobernabilidad - La actualidad de la lucha por el derecho al agua - Bogotá y sus influencias ambientales - Ensayos ambientales sobre educación y cultura. aEn la Tercera Edición de este texto se amplía el análisis de los procesos que están dando lugar al surgimiento del sujeto ambiental como actor político, teniendo como referentes la Minga indígena, la movilización social por la defensa del Páramo de Santurban contra la minería de oro; las movilizaciones campesinas y populares contra la represa del Quimbo, que afecta gravemente el río Magdalena, la resistencia contra la minería de oro en Cajamarca y el triunfo de la movilización local contra la Planta de Ecopetrol en Villa de Leyva. También se analizan las principales movilizaciones en América Latina, en países como Brasil, Perú y Bolivia. Se cuestiona la Economía Verde u otras facetas igualmente engañosas que esconden intereses de transnacionales de la energía, la farmacopea, los alimentos y el mercado del carbono. Esperamos que estas reflexiones sirvan a los lectores y estudiosos de la problemática ambiental a todos los niveles para adentrarse en el conocimiento de la ecología política, la economía ecológica y la historia ambiental.10aAdministración ambientalzColombia 17aDesarrollo sustentablezColombia13aPolítica ambientalzColombia 13aEnvironmental stewardshipzColombia13aEnvironmental policyzColombia13aSustainable developmentzColombia